| 000 | 00477nam a2200145Ia 4500 | ||
|---|---|---|---|
| 008 | 170224s9999 xx 000 0 und d | ||
| 100 | _aMaree Thyne | ||
| 245 | _aApproaches to managing co-production for the co-creation of value in a museum setting: when authenticity matters | ||
| 245 | _cMaree Thyne & Anne-Marie Hede | ||
| 260 | _bJournal of Marketing Research | ||
| 260 | _c2016 | ||
| 300 | _a32:15-16,Pages: 1478-1493 | ||
| 500 | _aNovember | ||
| 650 | _xMarketing. | ||
| 999 |
_c315965 _d315965 |
||